中文打字速度测验:歌词 Chinese Typing Speed Test: Lyrics - Statistics

General Stats
  • This quiz has been taken 250 times
  • The average score is 6 of 17
Answer Stats
歌词 累计字数 在此打出 % Correct
迎面走来的你让我如此蠢蠢欲动 14 迎面走来的你让我如此蠢蠢欲动
100%
这种感觉我从未有 22 这种感觉我从未有
97%
你是我的我是你的谁 31 你是我的我是你的谁
93%
再多一眼看一眼就会爆炸 42 再多一眼看一眼就会爆炸
75%
再近一点靠近点快被融化 53 再近一点靠近点快被融化
61%
想要把你占为己有 61 想要把你占为己有
50%
不管走到哪里 67 不管走到哪里
41%
都会想起的人是你 75 都会想起的人是你
29%
我应该拿你怎样 82 我应该拿你怎样
19%
所有人都在看着你 90 所有人都在看着你
11%
我的心总是不安 97 我的心总是不安
10%
我现在已病入膏肓 105 我现在已病入膏肓
5%
难道真的因你而疯狂吗 115 难道真的因你而疯狂吗
5%
我本来不是这种人 123 我本来不是这种人
3%
因你变成奇怪的人 131 因你变成奇怪的人
3%
第一次呀变成这样的我 141 第一次呀变成这样的我
3%
不管我怎么去否认 149 不管我怎么去否认
3%
No matching quizzes found
Score Distribution
Percent of People with Each Score
Percentile by Number Answered
Your Score History
You have not taken this quiz